Normal view
MARC view
- Amor
Entry Materia
001 - NÚMERO DE CONTROL DEL REGISTRO
- campo de control: 3042
003 - IDENTIFICADOR DE NUMERO DE CONTROL
- campo de control: UPN
005 - FECHA Y HORA DE LA ÚLTIMA TRANSACCIÓN
- campo de control: 20230303182725.0
008 - DATOS DE LONGITUD FIJA
- campo de control de longitud fija: 230303nn fnannbaba n ana |d
035 ## - NÚMERO DE CONTROL DEL SISTEMA
- Número de control del sistema: UPN10000003042
040 ## - FUENTE DE LA CATALOGACIÓN
- Lengua de catalogación: spa
- Centro catalogador de origen: MX-MxUPN
046 ## - FECHAS CON CODIFICACIÓN ESPECIAL
- Fecha final para contenidos agregados: 2023
150 ## - ENCABEZAMIENTO - TEMÁTICO
- Término de materia o nombre geográfico como elemento inicial: Amor
- Subdivisión de materia general: Filosofía
670 ## - FUENTE EN LA QUE SE LOCALIZARON DATOS
- Cita de la fuente: LC Subject Headings, 2022:
- Información localizada: página L309 (Love) SD-61 (Subdivisión flotante : Phylosophy)
902 ## - CATALOGADOR
- Catalogador: BDV/230206
902 ## - CATALOGADOR
- Catalogador: VíctorGodínez/030323
